Thomas Alexander Tefft : American architecture in transition, 1845-1860 /

Bibliographic Details
Corporate Authors: Brown University. Department of Art, National Building Museum (U.S.)
Format: Book
Language:English
Published: Providence [R.I.] : Department of Art, Brown University, [1988]
Subjects:

MARC

Tag First Indicator Second Indicator Subfields
LEADER 00000cam a2200000 a 4500
001 in00000016951
005 20151007053336.0
008 880523s1988 riuae bc 00000 eng d
010 |a  87072847  
020 |a 0933519125 
035 |a (OCoLC)17989308 
035 |9 AAB1291AM 
040 |a PAT  |c PAT  |d WAU  |d TXA  |d UtOrBLW 
043 |a n-us--- 
049 |a TXAM  |c [A11051257] 
050 4 |a NA737.T4  |b A4 1988 
245 0 0 |a Thomas Alexander Tefft :  |b American architecture in transition, 1845-1860 /  |c an exhibition by the Department of Art, Brown University. 
264 1 |a Providence [R.I.] :  |b Department of Art, Brown University,  |c [1988] 
264 4 |c ©1988 
300 |a 288 pages :  |b illustrations, plans ;  |c 26 cm. 
336 |a text  |b txt  |2 rdacontent 
337 |a unmediated  |b n  |2 rdamedia 
338 |a volume  |b nc  |2 rdacarrier 
500 |a Catalog of an exhibition held at the David Winton Bell Gallery, List Art Center, Brown University, Providence, Rhode Island, 23 January-6 March 1988 and at the National Building Museum, Washington, D.C., Summer 1988. 
504 |a Bibliographies: pages 279-288. 
600 1 0 |a Tefft, Thomas Alexander,  |d 1826-1859  |x Exhibitions. 
650 0 |a Architecture  |z United States  |x History  |y 19th century  |x Exhibitions. 
710 2 |a Brown University.  |b Department of Art. 
710 2 |a National Building Museum (U.S.) 
999 |a MARS 
999 f f |s 8a00c9c5-f4ae-3b03-81f3-cfdc6ca866c0  |i 46991011-903a-326f-bf6f-9f2e2cc519f6  |t 0 
952 f f |p ric  |a Texas A&M University  |b Rellis Campus  |c Joint Library Facility  |d Remote Storage  |t 0  |e NA737.T4 A4 1988  |h Library of Congress classification  |i unmediated -- volume  |m A14811051257 
998 f f |a NA737.T4 A4 1988  |t 0  |l Remote Storage